| 000 | 00424nam a22001697a 4500 | ||
|---|---|---|---|
| 005 | 20160429152056.0 | ||
| 008 | 160429b xxu||||| |||| 00| 0 eng d | ||
| 020 | _a81-902381-0-8 | ||
| 041 | _aeng | ||
| 082 | _b00938 | ||
| 100 |
_aJauhari Vinnie Misra Kamlesh _9273 |
||
| 245 | _aServices Management | ||
| 260 |
_bInst for International may & technology _c2004 |
||
| 300 | _a329 | ||
| 650 |
_aManagement _9241 |
||
| 942 | _cBK | ||
| 999 |
_c313 _d313 |
||